| 000 | 00441nam a2200145 4500 | ||
|---|---|---|---|
| 008 | 161216b xxu||||| |||| 00| 0 eng d | ||
| 020 | _a0195218183 | ||
| 082 |
_22001 _aDRef 030 _bW89 |
||
| 245 | _aThe World book encyclopedia. | ||
| 260 |
_aNew York: _bOxford University Press, _cc2001. |
||
| 300 |
_a744 pages: _bcolor illustrations; _c28 cm. |
||
| 600 | 0 |
_918346 _aEncyclopedias and dictionaries |
|
| 365 |
_b3011.25 _cPhp |
||
| 942 |
_2ddc _cDREF |
||
| 999 |
_c6052 _d6052 |
||